| 000 | 00966nam a2200217Ia 4500 | ||
|---|---|---|---|
| 003 | OSt | ||
| 005 | 20210105130742.0 | ||
| 008 | 191128s1971 ck gr 001 0 spa d | ||
| 040 |
_aCO-JMCR _cCO-JMCR |
||
| 041 | 0 | _aspa | |
| 082 | 0 | 4 |
_a658.787 / _bC764i _223 |
| 110 | 1 |
_aColombia. _bContraloría General de la República _96721 |
|
| 245 | 1 | 0 |
_aÍndice universal de inventarios / _cContraloría General de la República de Colombia |
| 250 | _aSegunda edición | ||
| 260 |
_aBogotá : _bImprenta de la Contraloría, _c1971 |
||
| 300 |
_axxiv, 411 páginas ; _c23 cm. |
||
| 500 | _aIncluye índice cronológico y alfabetico. | ||
| 505 | 0 | _aÍndice universal de inventarios -- Agrupaciones y subagrupaciones del índice universal de inventarios -- Resoluciones orgánicas N° 04 de 1960, 8 de 1962, 303 y 520 de 1967; resoluciones reglamentarias N° 2267-Bis de 1963 y 2487 de 1964 y circulares generales | |
| 650 | 1 | 4 |
_aInventarios _xíndices _912674 |
| 942 |
_2ddc _cBK |
||
| 999 |
_c6197 _d6197 |
||